书目信息 |
| 题名: |
思想录
|
|
| 作者: | 帕斯卡尔 著 | |
| 分册: | 上 | |
| 出版信息: | 长春 吉林音像出版社 2004 |
|
| 页数: | 278页 | |
| 开本: | 21cm | |
| 丛书名: | 西方学术思想经典(文库) | |
| 单 册: | ||
| 中图分类: | B565.23 | |
| 科图分类: | ||
| 主题词: | 哲学思想 | |
| 电子资源: | ||
| ISBN: | 7-5601-2858-0 | |
| 000 | 00968oam2 2200277 45 | |
| 001 | 012006061201 | |
| 005 | 20070706144030.56 | |
| 010 | @a7-5601-2858-0@dCNY456.00(全15册) | |
| 092 | @aCN@b463742 | |
| 100 | @a20060612e20052004em y0chiy0120 ea | |
| 101 | 1 | @achi@cfre |
| 102 | @aCN@b220000 | |
| 105 | @ay z 000yy | |
| 200 | 1 | @a思想录@Asi xiang lu@h上@f(法)帕斯卡尔著@F( fa ) pa si ka er zhu |
| 210 | @a长春@c吉林音像出版社@c吉林大学出版社@d2004@h2005重印 | |
| 215 | @a278页@d21cm | |
| 225 | 2 | @a西方学术思想经典(文库) |
| 330 | @a本书是一篇护教之作,具体论述了帕斯卡尔的哲学思想。包括:论思维方式与文体、人没有上帝的悲哀、论信仰的方式等内容。 | |
| 461 | 0 | @12001 @a西方学术思想经典(文库) |
| 600 | 0 | @a帕斯卡@c(Pascal, Blaise@f1623~1662)@x哲学思想 |
| 600 | 0 | @a帕斯卡@c(Pascal, Blaise@f1623~1662) |
| 606 | 0 | @a哲学思想 |
| 690 | @aB565.23@v4 | |
| 701 | 0 | @a帕斯卡尔@Apa si ka er@4著 |
| 801 | 0 | @aCN@bLZJBOOK@c20070706 |
| 905 | @a10447@dB565.23@e56:1 | |
| 思想录.上/(法)帕斯卡尔著.-长春:吉林音像出版社:吉林大学出版社,2004(2005重印) |
| 278页;21cm.-(西方学术思想经典(文库)) |
| ISBN 7-5601-2858-0:CNY456.00(全15册) |
| 本书是一篇护教之作,具体论述了帕斯卡尔的哲学思想。包括:论思维方式与文体、人没有上帝的悲哀、论信仰的方式等内容。 |
| ● |
| 相关链接 |
|
|
|
|
正题名:思想录
索取号:B565.23/56:1
 
预约/预借
| 序号 | 登录号 | 条形码 | 馆藏地/架位号 | 状态 | 备注 |
| 1 | 0566528 | 205665289 | 第一样本阅览室/ [索取号:B565.23/56:1] | 在馆 | |
| 2 | 0566529 | 205665298 | 第一借阅区/ [索取号:B565.23/56:1] | 在馆 | |
| 3 | 0566530 | 205665305 | 第一借阅区/ [索取号:B565.23/56:1] | 在馆 | |
| 4 | 0566531 | 205665314 | 第一借阅区/ [索取号:B565.23/56:1] | 在馆 | |
| 5 | 0566532 | 205665323 | 第一借阅区/ [索取号:B565.23/56:1] | 在馆 | |
| 6 | 0566533 | 205665332 | 第一借阅区/ [索取号:B565.23/56:1] | 在馆 |